| 000 | 00994nam a22003017a 4500 | ||
|---|---|---|---|
| 003 | CHAP | ||
| 005 | 20220329135614.0 | ||
| 008 | 971013s1995 r 00010 d | ||
| 010 | _a39186 | ||
| 011 | _a40158 | ||
| 035 | _a44283 | ||
| 040 | _cCHAP | ||
| 090 | _aTesis | ||
| 100 | 0 | 0 |
_aEsquivel Delgado, Adolfo. _938155 |
| 245 | _aPlaneación y selección de alojamientos para ganado bovino lechero | ||
| 260 |
_aChapingo, Méx. : _bEl autor, _c1995 |
||
| 300 |
_a154 h. _b: ilus. |
||
| 502 | _aTesis (Ing. Mecánico Agrícola) -- UACH. Departamento de Ingenieria Mecánica Agrícola | ||
| 590 |
_aALEPH _b10 _c20130110 _lUCH01 _h1306 |
||
| 590 |
_aBATCH-UPD _b10 _c20130110 _lUCH01 _h1500 |
||
| 590 |
_aCONVERSION _b10 _c20130109 _lUCH01 _h1322 |
||
| 650 | 1 | 4 |
_aConstrucciones rurales. _927378 |
| 650 | 1 | 4 |
_aGanado lechero _xAlojamiento. _945240 |
| 901 | _aBK | ||
| 942 | _cFOLL | ||
| 949 |
_bBC _cTES _d-101466 _eTS1 _h27676 _i44283 _si |
||
| 949 |
_bBC _cTES _d-101471 _eTS2 _fc.2 _h27677 _i44283 _si |
||
| 999 |
_c39186 _d39186 |
||